| 000 | 00883naa a2200253 u 4500 | ||
|---|---|---|---|
| 001 | 06353 | ||
| 003 | HDC | ||
| 007 | cr bn|---aauu| | ||
| 008 | 210123e2008 xx | a z000 s eng d | ||
| 040 | _aHDC | ||
| 100 |
_aDATO' SRI MOHD. NAJIB BIN TUN ABDUL RAZAK _96712 |
||
| 245 | 0 |
_aRANCANGAN MALAYSIA KESEPULUH 2011-2015 / _cby DATO' SRI MOHD. NAJIB BIN TUN ABDUL RAZAK |
|
| 260 |
_a[No place] : _b[publisher not identified], _c2010 |
||
| 300 | _a59 pages | ||
| 336 |
_atext _2rdacontent |
||
| 337 |
_acomputer _2rdamedia |
||
| 338 |
_aonline resource _2rdacarrier |
||
| 650 |
_aEkonomi _zMalaysia _96713 |
||
| 650 |
_aFinance _9103 |
||
| 650 |
_aRancangan Malaysia _96714 |
||
| 856 | _zRequest full-text at [email protected] | ||
| 942 | _2lcc | ||
| 942 | _cSPE | ||
| 999 |
_c3677 _d3677 |
||